| 000 -LEADER |
| fixed length control field |
00363nam a2200133Ia 4500 |
| 008 - FIXED-LENGTH DATA ELEMENTS--GENERAL INFORMATION |
| fixed length control field |
201214s9999 xx 000 0 und d |
| 100 ## - MAIN ENTRY--PERSONAL NAME |
| Personal name |
Taylor, James W. |
| 245 #0 - TITLE STATEMENT |
| Title |
Strategic Planning For The Successful Business : How To Profitably Guide Your Business into the Fut |
| 260 ## - PUBLICATION, DISTRIBUTION, ETC. |
| Place of publication, distribution, etc. |
New York |
|
| Name of publisher, distributor, etc. |
Hamilton |
|
| Date of publication, distribution, etc. |
1979 |
| 300 ## - PHYSICAL DESCRIPTION |
| Extent |
0 |
| 942 ## - ADDED ENTRY ELEMENTS (KOHA) |
| Koha item type |
Books |